Análisis de metas

সংরক্ষণ করুন:
গ্রন্থ-পঞ্জীর বিবরন
প্রধান লেখক: Mager, Robert F. (autor)
বিন্যাস: গ্রন্থ
ভাষা:স্প্যানিশ
প্রকাশিত: Ciudad de México Trillas 1973
সংস্করন:1a. ed
বিষয়গুলি:
ট্যাগগুলো: ট্যাগ যুক্ত করুন
কোনো ট্যাগ নেই, প্রথমজন হিসাবে ট্যাগ করুন!

MARC

LEADER 00000cam a2200000 a 4500
001 UCZ7124
003 CL-VaPUC
008 951222e19730000MX |||||||||||||||||spa|d
082 0 4 |a 371.4  |b MAG  |2 21 
100 |a Mager, Robert F.  |e autor  |9 554736 
245 1 0 |a Análisis de metas 
250 |a 1a. ed 
300 |a 150 p 
942 |c BK 
945 |d 19951222 00:00:00  |a cmena 
260 |a Ciudad de México  |b Trillas  |c 1973 
650 0 |a Métodos de enseñanza  |9 270413 
650 0 |a Aprendizaje   |9 254827 
650 7 |a GUIAS PEDAGOGICAS  |2 CL-VaPUC  |9 351875 
650 7 |a PERSONAL DE ORIENTACION PEDAGOGICA  |2 CL-VaPUC  |9 335458 
650 7 |a RELACION DOCENTE ALUMNO  |2 CL-VaPUC  |9 307734 
650 0 |a Psicología educacional   |9 307830 
650 0 |a Alumnos   |9 335074 
650 0 |a Actitud del alumno  |9 310214 
583 |a last modification  |c 20170224 11:33:21  |k Rodrigo Vera 
999 |c 243247  |d 243245 
952 |0 0  |1 0  |4 0  |6 371_400000000000000_MAG_1973  |7 0  |8 P  |9 256771  |a BIBEDU  |b BIBEDU  |c BIBEDU_PB  |d 2019-11-19  |i 1609351  |o 371.4 MAG 1973  |p 1609351  |r 2024-01-25  |w 2019-11-19  |y BK  |k EDU 
952 |0 0  |1 0  |4 0  |6 371_400000000000000_MAG_1973  |7 0  |8 P  |9 256772  |a BIBEDU  |b BIBEDU  |c BIBEDU_PB  |d 2019-11-19  |i 1633716  |o 371.4 MAG 1973  |p 1633716  |r 2024-01-25  |w 2019-11-19  |y BK  |k EDU 
952 |0 0  |1 0  |4 0  |6 371_400000000000000_MAG_1973  |7 0  |8 A  |9 256773  |a BIBENE  |b BIBENE  |d 2019-11-19  |i 1404768  |o 371.4 MAG 1973  |p 1404768  |r 2025-01-15  |w 2019-11-19  |y BK  |k ICO 
952 |0 0  |1 0  |3 erb  |4 0  |6 371_400000000000000_MAG_1973  |7 0  |8 A  |9 256774  |a BIBENE  |b BIBENE  |i 5327938  |o 371.4 MAG 1973  |p 5327938  |r 2025-01-15  |w 2019-11-19  |y BK  |z Catalogado en:20170226  |k ICO